Status of women in India / (Record no. 52547)

MARC details
000 -LEADER
fixed length control field 01960nam a22003137a 4500
005 - DATE AND TIME OF LATEST TRANSACTION
control field 20110524110415.0
010 ## - LCCN (DPL NO)
LC control number ENG-102501 B-447065-069
020 ## - INTERNATIONAL STANDARD BOOK NUMBER
International Standard Book Number 9788184502466
Terms of availability 480.00
035 ## - SYSTEM CONTROL NUMBER
System control number EN-86034 B-447065-069
037 ## - SOURCE OF ACQUISITION
Source of stock number/acquisition DBAD / PUB
037 ## - SOURCE OF ACQUISITION
Source of stock number/acquisition Blue Berry/ Ven
082 ## - DEWEY DECIMAL CLASSIFICATION NUMBER
Classification number 305.420954
100 ## - MAIN ENTRY--PERSONAL NAME
Personal name Nelasco, Shobana
245 ## - TITLE STATEMENT
Title Status of women in India /
Statement of responsibility, etc by Shobana Nelasco
260 ## - PUBLICATION, DISTRIBUTION, ETC. (IMPRINT)
Place of publication, distribution, etc New Delhi
Name of publisher, distributor, etc Deep & Deep Publications
Date of publication, distribution, etc 2010
270 ## - ADDRESS
Address F-159, Rajouri Garden
City New Delhi
Postal code 110027
Telephone number 25435369,25440916
300 ## - PHYSICAL DESCRIPTION
Extent xii, 129 p.
Dimensions 22cm (Hb)
500 ## - GENERAL NOTE
General note Includes bibliographical references and index
700 ## - ADDED ENTRY--PERSONAL NAME
9 (RLIN) 27415
700 ## - ADDED ENTRY--PERSONAL NAME
9 (RLIN) 28228
942 ## - ADDED ENTRY ELEMENTS (KOHA)
Institution code [OBSOLETE] dpl
Item type English Books
Source of classification or shelving scheme Dewey Decimal Classification
Call number suffix NEL
Classification part 305.420954
Holdings
Withdrawn status Lost status Not for loan Collection code Home library Current library Date acquired Source of acquisition Cost, normal purchase price Full call number Barcode Copy number Cost, replacement price Koha item type
      Non-fiction Central Library Central Library 05/03/2012 Blue Berry/7045/29.09.2011/06/15.09.2011.09.11.2011 480.00 305.420954 NEL B-447065 1 480.00 English Books
    Not For Loan Non-fiction D.B.Act.Division D.B.Act.Division 24/05/2011 DBAD / PUB 480.00 305.420954 NEL EN-86034 1 480.00 English Books
      Non-fiction Karol Bagh Karol Bagh 05/03/2012 Blue Berry/7045/29.09.2011/06/15.09.2011.09.11.2011 480.00 305.420954 NEL B-447068 1 480.00 English Books
      Non-fiction Patel Nagar Patel Nagar 05/03/2012 Blue Berry/7045/29.09.2011/06/15.09.2011.09.11.2011 480.00 305.420954 NEL B-447066 1 480.00 English Books
      Non-fiction Sarojini Nagar Sarojini Nagar 05/03/2012 Blue Berry/7045/29.09.2011/06/15.09.2011.09.11.2011 480.00 305.420954 NEL B-447067 1 480.00 English Books
      Non-fiction Shahdara Branch Shahdara Branch 05/03/2012 Blue Berry/7045/29.09.2011/06/15.09.2011.09.11.2011 480.00 305.420954 NEL B-447069 1 480.00 English Books

© Delhi Public Library
Hit Counter
free hit counter